| 000 | 00489pab a2200169 454500 | ||
|---|---|---|---|
| 008 | 180718b2017 xxu||||| |||| 00| 0 eng d | ||
| 100 | _aRich, Timothy S. | ||
| 245 | _aElectoral paths and support for same-sex marriage legislation: evidence from Taiwan's mixed-member system | ||
| 260 | _c2017 | ||
| 300 | _ap.563-576. | ||
| 362 | _aNov | ||
| 650 | _aLesbian | ||
| 650 | _aGays - Taiwan | ||
| 650 | _aMarriage | ||
| 773 | _aInternational Political Science Review | ||
| 909 | _a116621 | ||
| 999 |
_c116615 _d116615 |
||